Tesoro de la juventud. o Enciclopedia de conocimientos. Tomo 7

Salvato in:
Dettagli Bibliografici
Autore principale: Zeballos, Estanislao S. y otros colaborador especial
Natura: Sconosciuto
Lingua:spagnolo
Pubblicazione: Madrid Walter Jackson s.d.
Edizione:
Catalogo:MANES:  Risultati della ricerca del catalogo della biblioteca
Libro di testo Classificazione:
Tags: Aggiungi Tag
Nessun Tag, puoi essere il primo ad aggiungerne!!
Aggiunto a:2016-04-26
Cambiato in:2025-05-08

MARC

LEADER 000000000a22000000004500
001 18624
003 OSt
005 20250508092000.0
008 160427s sp ||||| |||| 00| 0 spa d
040 |c centro_manes  |a BJGV 
041 1 |a spa 
050 |a LTA AE65 T47 T.7 
100 |a Zeballos, Estanislao S. y otros  |9 22051  |c colaborador especial 
245 0 0 |a Tesoro de la juventud.   |b o Enciclopedia de conocimientos. Tomo 7 
250 |a 1º 
260 3 |a Madrid  |b Walter Jackson  |c s.d. 
300 |a 2172-2526 p  |c 25 X 16,5 cm 
500 |a ILUSTRACIONES: Contiene bastantes dibujos y fotografías en blanco y negro. ENCUADERNACIÓN: Cartoné. DESCRIPCIÓN CONTENIDO: Enciclopedia en que se reunen conocimientos generales. PALABRAS CLAVE: Enciclopedia. CONSERVACIÓN: Buena. 
546 |a España 
561 |5 mx-CINVES  |a México. DIE-Cinvestav (Ciudad de México)  |k MANES 
690 0 |a LEN  |a EyL 
691 0 |a PRI  |a SE 
942 |2 lcc  |c BK 
999 |c 51007  |d 51007 
999 |c manes:51007  |d 51007